000 01395cam a2200229 4500
001 ABS66599
008 030502n2003 000 0 eng u
035 _a(Sirsi) u122176
245 _aCarillion Construction Ltd v Devonport Royal Dockyard
260 _c2003
490 _aBuilding Law Reports
_v[2003] 2 BLR 79-88(10)
520 _aTCC 27 November 2002. Claimant (C)'s application for summary judgment to enforce adjudicator's decision was dismissed. An oral agreement varying terms of a contract did not form part of a written contract and therefore the Housing Grants, Construction and Regeneration Act 1996 s107 did not apply. "R J T Consulting v D M Engineering" (CA X118297) applied. There was no dispute to refer to adjudication as C had failed to provide clarification of its claim as requested by defendant (D).
590 _aABS
650 _aCARILLION CONSTRUCTION LTD V DEVONPORT ROYAL DOCKYARD LTD
650 _a-DISPUTE AVOIDANCE, MANAGEMENT AND RESOLUTION-DISPUTE MANAGEMENT AND RESOLUTION-ALTERNATIVE DISPUTE RESOLUTION-ADJUDICATION-ADJUDICATORS-ADJUDICATORS' JURISDICTION
650 _aCONSTRUCTION DISPUTES
650 _aCONTRACTS IN WRITING
650 _aORAL CONTRACTS
650 _aR J T CONSULTING ENGINEERS LTD V D M ENGINEERING (NI) LTD
690 _aMANGEMENT-DISPUTE AVOIDANCE, MANAGEMENT AND RESOLUTION-DISPUTE MANAGEMENT AND RESOLUTION
942 _n0
999 _c72613
_d72613